| 000 | 00000nas##2200000za#4500 |
|---|---|
| 001 | 9.509092 |
| 003 | CaOODSP |
| 005 | 20200325102714 |
| 007 | ta |
| 008 | 150406c2004||||xxc|| m #||||f| |0eng|d |
| 040 | |aCaOODSP|beng |
| 041 | |aeng |
| 041 | |afre |
| 043 | |an-cn--- |
| 086 | 1 |aCS95 |
| 245 | 00|a2001 Census. [Profile of Census ...] |
| 260 | |aOttawa - Ontario : |bStatistics Canada. |c2004. |
| 563 | |aSoftcover |
| 710 | 1 |aCanada.|bStatistics Canada. |bCensus. |
| 792 | |t2001 Recensement. [Profil ... de recensement ...] |efre|w(CaOODSP)9.509093 |